Countries of South America by area with a map (Whammies) - Statistics

General Stats
  • This quiz has been taken 13 times
  • The average score is 6 of 12
Answers on the Map
Answers color-coded by a green-red scale on the quiz's map according to % correct below.
 
Answer Stats
Km2 Answer % Correct
63,820 Suriname
100%
214,969 Guyana
73%
257,215 Ecuador
64%
406,752 Paraguay
64%
173,626 Uruguay
64%
2,796,427 Argentina
55%
8,510,346 Brazil
55%
756,102 Chile
36%
929,690 Venezuela
27%
1,285,216 Peru
18%
1,098,581 Bolivia
9%
1,141,748 Colombia
9%
No matching quizzes found
Score Distribution
Percent of People with Each Score
Percentile by Number Answered
Your Score History
You have not taken this quiz